00527nam a2200145Ia 4500008004100000020001800041041000800059082001600067245007300083250000600156260004100162300001100203999001900214952014800233210716s2016 xx 000 0 und d a9788126562596 aeng a153.94 GMAT aGMAT: critical reasoning grail 2017.bCritical reasoning grail 2017. a1 aNew DelhibWiley India Pvt Ltdc2016 aix,238 c195688d195688 00102ddc40708MCAaAIMITbAIMITd2017-03-01eKnowledge Worldg1299.00l0o153.94 GMATpMCA15199r2026-05-23 00:00:00v974.25w2021-07-16yBK